[Event "RUS-chT U11"]
[Site "Sochi"]
[Date "2019.05.08"]
[Round "7.4"]
[White "Kostiakov, Semen"]
[Black "Motruk, Denis"]
[Result "0-1"]
[WhiteElo "1042"]
[BlackElo "1415"]
[PlyCount "84"]
[EventDate "2019.05.01"]
[EventType "team-tourn"]
[EventRounds "9"]
[EventCountry "RUS"]
[SourceTitle "EXT 2022"]
[Source "ChessBase"]
[SourceDate "2021.10.06"]
[SourceVersion "1"]
[SourceVersionDate "2021.10.06"]
[SourceQuality "1"]

1. d4 Nf6 2. Bf4 g6 3. e3 Bg7 4. Nf3 d6 5. c3 0-0 6. Nbd2 Nfd7 7. Be2 Nc6 8. 0-0 e5 9. Bg3 h6 10. h3 f5 11. Qb3+ Kh7 12. Bb5 e4 13. Bxc6 bxc6 14. Nh2 Ba6 15. Rfc1 c5 16. Qa4 Bd3 17. Nb3 Nb6 18. Qc6 a6 19. dxc5 Bb5 20. Qb7 Rb8 21. Qxb8 Qxb8 22. cxb6 Qxb6 23. Nf1 g5 24. Bh2 f4 25. Nbd2 Bd3 26. b3 Be5 27. a4 fxe3 28. Nxe3 Bxh2+ 29. Kxh2 Rxf2 30. Nec4 Qc5 31. b4 Qf5 32. Rg1 g4 33. h4 g3+ 34. Kxg3 Qf4+ 35. Kh3 e3 36. Nxe3 Qxe3+ 37. Nf3 Bf5+ 38. Kh2 Qf4+ 39. Kh1 Be4 40. Nh2 Qg3 41. Nf1 Bxg2+ 42. Rxg2 Qxg2# 0-1

[Event "RUS-chT U11"]
[Site "Sochi"]
[Date "2019.05.03"]
[Round "3.4"]
[White "Motruk, Denis"]
[Black "Efimov, Artem Dm"]
[Result "1-0"]
[WhiteElo "1415"]
[BlackElo "1031"]
[PlyCount "37"]
[EventDate "2019.05.01"]
[EventType "team-tourn"]
[EventRounds "9"]
[EventCountry "RUS"]
[SourceTitle "EXT 2022"]
[Source "ChessBase"]
[SourceDate "2021.10.06"]
[SourceVersion "1"]
[SourceVersionDate "2021.10.06"]
[SourceQuality "1"]

1. e4 c6 2. d4 d5 3. Nc3 dxe4 4. Nxe4 Bf5 5. Ng3 Bg6 6. h4 h6 7. N1e2 Nf6 8. Nf4 Bh7 9. Bc4 e6 10. 0-0 Bd6 11. Re1 0-0 12. Ngh5 Nbd7 13. Nxe6 fxe6 14. Rxe6 Kh8 15. Rxd6 Ne4 16. Qg4 g6 17. Rxd7 Qe8 18. Bxh6 gxh5 19. Bg7# 1-0